000 00296nam a22001337a 4500
003 SGT
020 _a978935852531
082 _a920
_bL24Q
100 _aQURESHI, H.A.
245 _aTHE LOST HERO OF BANARAS :BABU JAGAT SINGH
260 _bPRIMUS BOOKS
_c2024
300 _a319
942 _2ddc
_cBK
999 _c32050
_d32050